|
|
|
|
| LEADER |
00630nam a22001937a 4500 |
| 003 |
OSt |
| 005 |
20200624134618.0 |
| 008 |
160309b xxu||||| |||| 00| 0 mal d |
| 041 |
|
|
|a mal
|
| 082 |
|
|
|a 813.2S1 UNC
|
| 100 |
|
|
|a Stowe, Harriet Beecher
|
| 245 |
|
|
|a Uncle Tominte chala/
|c Harriet Beecher Stowe
|
| 260 |
|
|
|a Kottayam:
|b D. C. Books
|c 1982
|
| 300 |
|
|
|a 148p.
|
| 500 |
|
|
|a Original title: Uncle Tom's cabin
|
| 546 |
|
|
|a In Malayalam
|
| 942 |
|
|
|2 ddc
|c BK
|
| 999 |
|
|
|c 327563
|d 327563
|
| 952 |
|
|
|0 0
|1 0
|2 ddc
|4 0
|6 813_000000000000000_2S1_UNC
|7 0
|9 374117
|a CSC
|b CSC
|c ST1
|d 2016-03-09
|i 4048
|l 0
|o 813.2S1 UNC
|p CSC4048
|r 2016-03-09
|w 2016-03-09
|y BK
|